Một số chuyên đề lịch sử cổ trung đại Việt Nam

Giới thiệu lịch sử tổ chức bộ máy nhà nước và hệ thống hành chính quốc gia ở Việt Nam thời kì phong kiến độc lập; những cuộc cải cách và phong trào nông dân trong thời trung đại

Enregistré dans:
Détails bibliographiques
Auteur principal: Nguyễn Cảnh Minh
Autres auteurs: Đào Tố Uyên
Format: Livre
Langue:Vietnamese
Publié: H. Đại học Sư phạm 2009
Sujets:
Tags: Ajouter un tag
Pas de tags, Soyez le premier à ajouter un tag!
Thư viện lưu trữ: Mạng thư viện Đại học Đà Nẵng
LEADER 01884aam a22004698a 4500
001 000023239
003 19689
005 20150605140603.0
008 150604s2009 viesd
020 |c 33500  |d 500b 
041 0 |a vie 
082 1 4 |2 14  |a 959.702  |b NG-M 
100 1 |a Nguyễn Cảnh Minh 
245 1 0 |a Một số chuyên đề lịch sử cổ trung đại Việt Nam  |c Nguyễn Cảnh Minh, Đào Tố Uyên 
260 |a H.  |b Đại học Sư phạm  |c 2009 
300 |a 184 tr.  |c 24 cm. 
504 |a Thư mục: tr. 183-184 
520 |a Giới thiệu lịch sử tổ chức bộ máy nhà nước và hệ thống hành chính quốc gia ở Việt Nam thời kì phong kiến độc lập; những cuộc cải cách và phong trào nông dân trong thời trung đại 
650 0 4 |2 Bộ TK TVQG  |a Lịch sử  |y Cổ trung đại  |z Việt Nam 
650 7 |2 Bộ TK TVQG 
650 7 |2 Bộ TK TVQG 
650 7 |2 Bộ TK TVQG 
650 7 |2 Bộ TK TVQG 
651 7 |2 Bộ TK TVQG  |a Việt Nam 
653 |a Lịch sử cổ trung đại 
653 |a Cải cách 
653 |a Thời đại phong kiến 
653 |a Tổ chức nhà nước 
653 |a Phong trào nông dân 
653 |a Lịch sử Việt Nam 
700 1 |a Đào Tố Uyên 
773 |b In lần thứ 2  |d Đại học Sư phạm  |d H.  |d 2009  |t Một Số Chuyên Đề Lịch Sử Cổ Trung Đại Việt Nam  |w 19688 
OWN |a LSP 
AVA |a UDN50  |b LSP  |d 959.702 NG-M  |e check_holdings  |t Error 5003 Not defined in file expand_doc_bib_avail.  |h N  |k 1 
999 |a From the UDN01 
AVA |a UDN50  |b LSP  |d 959.702 NG-M  |e available  |t Error 5001 Not defined in file expand_doc_bib_avail.  |f 20  |g 2  |h N  |i 33  |k 1 
TYP |a Monograph 
TYP |a Printed language 
980 |a Mạng thư viện Đại học Đà Nẵng